00792nam a22001937a 4500003001100000005001700011008004100028040003900069041000800108082001600116110004300132245017600175260002600351300001800377490003400395650002700429710004900456856009300505LK-CoMWRAF20240624104707.0240624b2003 |||||||| |||| 00| 0 eng d aLK-CoMWRAFdLK-CoMWRAFeLK-CoMWRAF aeng a305.42bWOM aWomen Living Under Muslim Laws (WLUML) aWomen's peacecast V:b in search of justice, human rights and a just peace- women activities from the network WLUML exchange feminist perspectives in the aftermath of 9/11 aLondon:bWLUML,c2003 a48 p. ; 21 cm aWLUML Occasional papervNo.13 aMUSLIM WOMEN-Attitudes aFeminist International Radio Endeavor (FIRE) uhttps://wrrc.wluml.org/sites/wluml.org/files/import/english/pubs/pdf/occpaper/OCP-13.pdf